| 000 | 00783nam a2200241 a 4500 | ||
|---|---|---|---|
| 001 | 55188 | ||
| 003 | BD-RjUL | ||
| 005 | 20211209080228.0 | ||
| 008 | 161115s1967 bg ||||| |||| 00| 0 ben d | ||
| 020 | _c: TK 10.00 | ||
| 035 | _a(BD-RjUL)55310 | ||
| 040 |
_aBD-RjUL _bben _cBD-RjUL |
||
| 041 | _aben | ||
| 082 |
_223 _a891.441 _bKAM 1967 |
||
| 100 |
_aকায়কোবাদ _9164436 |
||
| 245 | 1 | 0 |
_aমহাশ্মশান / _cকায়কোবাদ |
| 250 | _a৫ম সং . | ||
| 260 |
_aঢাকা : _bষ্টুডেন্ট ওয়েজ, _c১৯৬৭ |
||
| 300 |
_a[৪০], ৩৪৬ পৃ. ; _c২৩ সেমি . |
||
| 650 |
_aবাংলা কবিতা _9164437 |
||
| 650 |
_aBengali Poetry _9164438 |
||
| 942 |
_2ddc _cBK |
||
| 999 |
_c55188 _d55188 |
||